00925cam a2200265 a 450000100100000000500170001000800410002704000290006808200200009710000440011724500850016126000480024630000210029449000120031565000240032765000280035165000250037965000290040470000320043383000190046591000280048404900090051295201230052199900150064400000860120200929161354.0900823s1990 cu 000 f spa  aDO-SdBNPbspacLCdBNPHU aCu863.44bL864c1 aLópez Sacha, Francisco,d1950-92302613aEl cumpleaños del fuego /cFrancisco López Sacha ; edición, Isel Rousseau. aLa Habana, (Cuba) :bLetras Cubanas,c1990. a416 p. ;c18 cm.0 aEspiral 4aNovela cubana92316 4aLiteratura cubana91483 4aFuegoxNovela923027 4aViviendasxNovela9230281 aRousseau, Isel,eed.923029 0aEspiral914718 aCatalogación derivada aBNGR 001052708MOaGRbGRcCTd2009-09-17iLF1l0oCu863.44 L864cp8601-10r2020-06-25w2020-06-25y2ZPréstamo interno c8371d8371